000 00339nam a2200133Ia 4500
008 230817s1969 xx 000 0 und d
041 _aeng
082 _a348048/CHA
100 _aChaitely DV
245 _aAll India Reporter -1969 Supreme Court
260 _aNagpur
_bThe All India Reporter
_c1969
300 _a1380p
650 _aREPORTS
999 _c844450
_d844450